00000000nam 2200000zi 4500
0019.947403
003CaOODSP
00520250127141100
006m     o  d f      
007cr mn|||||||||
008250127t19911992oncd    ob   f000 0 eng d
020 |z0662198778
040 |aCaOODSP|beng|erda|cCaOODSP
043 |an-cn---
0861 |aZ1-1989/1-41-4E-PDF|zZ1-1989/1-41-4E
24500|aAir infrastructure costing : |bfinal report / |cprepared by: Sypher-Mueller International Inc.
264 1|a[Ottawa] : |b[Royal Commission on National Passenger Transportation], |cAugust 1991.
264 4|c©1992
300 |a1 online resource (1 volume (various pagings)) : |bgraphs
336 |atext|btxt|2rdacontent
337 |acomputer|bc|2rdamedia
338 |aonline resource|bcr|2rdacarrier
500 |aIssued also in French under title: Établissement du coût de l'infrastructure aérienne : rapport final.
500 |a"Report Prepared for the Research Division, Royal Commission on National Passenger Transportation."
500 |a"RR-04."
500 |aDigitized edition from print [produced by Government of Canada Publications Directorate].
504 |aIncludes bibliographical references.
650 0|aAirports|xEconomic aspects|zCanada.
650 0|aAeronautics, Commercial|xEconomic aspects|zCanada.
650 0|aAirlines|xEconomic aspects|zCanada.
7101 |aCanada. |bRoyal Commission on National Passenger Transportation. |bResearch Division, |eissuing body.
7102 |aSypher:Mueller International, |econsultant.
77508|tÉtablissement du coût de l'infrastructure aérienne : |w(CaOODSP)9.947404
85640|qPDF|s12.0 MB|uhttps://publications.gc.ca/collections/collection_2025/bcp-pco/Z1-1989-1-41-4-eng.pdf